Album Covers that Look Similar - Statistics

General Stats
  • This quiz has been taken 86 times
  • The average score is 8 of 16
Answer Stats
Picture Hint Answer % Correct
Let It Be The Beatles
96%
...Baby One More Time Britney Spears
95%
Hot Space Queen
89%
Demon Days Gorillaz
86%
Milk and Honey John Lennon and Yoko Ono
73%
Debut Björk
64%
Press to Play Paul McCartney
61%
The Best of... Blur
53%
...But Seriously Phil Collins
53%
Vol. 3: The Subliminal Verses Slipknot
51%
A Head Full of Dreams Coldplay
44%
Powerslave Iron Maiden
28%
Sempiternal Bring Me The Horizon
14%
Grown Backwards David Byrne
14%
All N' All Earth, Wind & Fire
8%
King for a Day, Fool for a Lifetime Faith No More
6%
No matching quizzes found
Score Distribution
Percent of People with Each Score
Percentile by Number Answered
Your Score History
You have not taken this quiz